| 000 | 00532nam a22001817a 4500 | ||
|---|---|---|---|
| 999 |
_c189884 _d189884 |
||
| 005 | 20220714114736.0 | ||
| 010 | _aENG-133552 | ||
| 020 |
_a9789390961450 _c1295.00 |
||
| 035 | _aEN-117084 | ||
| 037 | _bDBAD/PUB | ||
| 082 | _a702.81 | ||
| 100 | _aKakoli G. | ||
| 245 |
_aLife in a Cuppa chai conversations/ _cby Kakoli G. |
||
| 260 |
_bVitasta Publishing _c2022 _aNew Delhi |
||
| 270 |
_a2/15,Ansari Road Daryaganj, _bNew Delhi _e110002 |
||
| 300 |
_a130p.: _c20cm(HB) _billus |
||
| 942 |
_2ddc _cEN _h702.81 _mKAK |
||